000 00529nam a22001937a 4500
005 20150107114353.0
010 _aENG-111497
020 _a9788174878755
_c350.00
020 _a8184878750
_c350.00
035 _aEN-95029
037 _bDBAD/PUB
082 _aS
100 _aSharma, Aprajita
245 _aUnspoken feelings /
_cby Aprajita Sharma
260 _aNew Delhi
_bRadha Publications
_c2014
270 _a4231/1,Ansari Road,Daryaganj
_bNew Delhi
_e110002
300 _axi,147p. :
_c22cm(Hb)
942 _2ddc
_cEN
_mSHA
_hS
999 _c90551
_d90551